[Event "XXV OOM - Mistrzostwa Polski Juniorow Mlodszych - Chlopcy do lat 14"]
[Site "Sielpia"]
[Date "1899-12-30"]
[Round "2.21"]
[White "Madajczak, Piotr"]
[Black "Wilk, Igor"]
[Result "1/2-1/2"]
[WhiteTitle "I"]
[BlackTitle "I"]
[WhiteElo "1549"]
[BlackElo "1669"]

1. d4 e6 2. e3 Nf6 3. Bd3 c5 4. c3 d5 5. f4 Be7 6. Nf3 b6 7. O-O Ne4 8. Nbd2 Bb7
9. Ne5 O-O 10. Qf3 f5 11. Qe2 Nd7 12. Ndf3 Ndf6 13. Bd2 Nxd2 14. Qxd2 Ne4 15.
Qe1 a5 16. Kh1 Ba6 17. Bxa6 Rxa6 18. Nc6 Qc7 19. Nxe7+ Qxe7 20. Ne5 Rf6 21. g3
Rh6 22. Kg2 g5 23. Qe2 c4 24. Rg1 g4 25. Kf1 Rh3 26. Nxg4 Qg7 27. Ne5 Qh6 28.
Rg2 Ra7 29. Nf3 Rg7 30. Ng1 Rh5 31. Ke1 Qg6 32. Nf3 Qg4 33. Ng1 Qg6 34. Nf3 Rh6
35. Ne5 Qf6 36. Kd1 Nxg3 37. Qf3 Ne4 38. Kc2 Qe7 39. Re1 Nf6 40. Kb1 Rh4 41. Reg1
Rxg2 42. Rxg2+ Kf8 43. Qg3 Rh5 44. Qf3 Rh4 45. Qg3 Rh5 46. Qf3 Rh4 1/2-1/2

[Event "XXV OOM - Mistrzostwa Polski Juniorow Mlodszych - Chlopcy do lat 14"]
[Site "Sielpia"]
[Date "1899-12-30"]
[Round "2.22"]
[White "Topola, Rafal"]
[Black "Blazniak, Bartlomiej"]
[Result "1-0"]
[WhiteTitle "I"]
[BlackTitle "I"]
[WhiteElo "1664"]
[BlackElo "1518"]

1. e4 e6 2. d4 d5 3. Nc3 Bb4 4. e5 c5 5. a3 cxd4 6. axb4 dxc3 7. Qg4 cxb2 8. Bxb2
g6 9. h4 h5 10. Qf4 Ne7 11. Nf3 Nf5 12. Bd3 Nc6 13. b5 Nce7 14. O-O O-O 15. Rfd1
Bd7 16. Ba3 Kg7 17. Bxf5 Nxf5 18. Bxf8+ Qxf8 19. c4 Qe7 20. cxd5 Bxb5 21. Nd4
Nxd4 22. Qxd4 a6 23. d6 Qd7 24. Rdc1 Bc6 25. Qb6 Rc8 26. Ra5 Ra8 27. Rac5 Rc8
28. R1c3 Kf8 29. R3c4 Ke8 30. Rb4 Qd8 31. Rxc6 bxc6 32. Qxa6 Kf8 33. Qb7 c5 34.
Rf4 f5 35. Ra4 Rb8 36. Qh7 Qc8 37. Qh8+ Kf7 38. Ra7+ Rb7 39. Qxc8 1-0

[Event "XXV OOM - Mistrzostwa Polski Juniorow Mlodszych - Chlopcy do lat 14"]
[Site "Sielpia"]
[Date "1899-12-30"]
[Round "2.23"]
[White "Pazdzierz, Piotr"]
[Black "Mocko, Maciej"]
[Result "1-0"]
[WhiteTitle "I"]
[BlackTitle "II"]
[WhiteElo "1639"]
[BlackElo "1430"]

1. c4 Nf6 2. Nf3 e6 3. g3 d5 4. Bg2 c5 5. cxd5 exd5 6. d4 Nc6 7. Nc3 cxd4 8. Nxd4
Bc5 9. Nb3 Bb4 10. O-O Bxc3 11. bxc3 O-O 12. Bg5 Be6 13. Rb1 Re8 14. Nc5 b6 15.
Nxe6 fxe6 16. c4 Rc8 17. cxd5 exd5 18. Bxf6 gxf6 19. Bxd5+ Kh8 20. e4 Ne7 21.
Bb3 Qxd1 22. Rbxd1 Ng6 23. Rfe1 Re7 24. f4 Kg7 25. Rd3 b5 26. Rd5 a6 27. Rd6 a5
28. h4 Rc3 29. Kg2 a4 30. Bd5 Rd3 31. h5 Nh8 32. h6+ Kxh6 33. e5 Nf7 34. Rh1+
Kg6 35. Be4+ Kg7 36. Rxd3 fxe5 37. f5 Ng5 38. Bd5 e4 39. Rd2 Re5 40. Be6 e3 41.
Rd7+ Kf6 42. Rh6# 1-0

[Event "XXV OOM - Mistrzostwa Polski Juniorow Mlodszych - Chlopcy do lat 14"]
[Site "Sielpia"]
[Date "1899-12-30"]
[Round "2.24"]
[White "Szafranski, Maciej"]
[Black "Sieczkowski, Adam"]
[Result "1/2-1/2"]
[WhiteTitle "II+"]
[BlackTitle "I+"]
[WhiteElo "1503"]
[BlackElo "1638"]

1. e4 c6 2. d4 d5 3. Nc3 dxe4 4. Nxe4 Bf5 5. Ng3 Bg6 6. h4 h6 7. Nf3 Nd7 8. h5
Bh7 9. Bd3 Bxd3 10. Qxd3 e6 11. Bd2 Qc7 12. O-O-O O-O-O 13. Ne4 Ngf6 14. g3 Nxe4
15. Qxe4 Bd6 16. c4 Nf6 17. Qe2 c5 18. Bc3 cxd4 19. Nxd4 Bc5 20. Nb5 Qb6 21. b4
Bxf2 22. c5 Qa6 23. Rd6 Qa4 24. Rxd8+ Rxd8 25. Nd6+ Rxd6 26. cxd6 Qc6 27. Qxf2
Qxh1+ 28. Kb2 Qe4 29. Qxa7 Qe2+ 30. Kb3 Qd1+ 31. Kb2 Qxd6 32. Qa8+ Kc7 33. Qa5+
Kd7 34. Be5 Qd2+ 35. Kb1 Qd1+ 36. Kb2 Qd2+ 37. Kb1 Qd1+ 38. Kb2 Qd2+ 39. Kb1 Qd3+
40. Kb2 Nd5 41. Bxg7 Ne3 1/2-1/2

[Event "XXV OOM - Mistrzostwa Polski Juniorow Mlodszych - Chlopcy do lat 14"]
[Site "Sielpia"]
[Date "1899-12-30"]
[Round "2.25"]
[White "Skrzypczynski, Kacper"]
[Black "Ciszewski, Krzysztof"]
[Result "0-1"]
[WhiteTitle "II"]
[BlackTitle "II+"]
[WhiteElo "1291"]
[BlackElo "1612"]

1. e4 c5 2. Nf3 d6 3. d4 cxd4 4. Nxd4 Nf6 5. Nc3 a6 6. Be2 e5 7. Nb3 Be7 8. O-O
O-O 9. Be3 Be6 10. f3 Nbd7 11. Qd2 b5 12. a3 Nb6 13. Bxb6 Qxb6+ 14. Kh1 Rfd8 15.
f4 Rac8 16. f5 Bxb3 17. cxb3 Qd4 18. Rad1 Qxd2 19. Rxd2 Kf8 20. b4 Rc6 21. g4
Nd7 22. Kg2 Nb6 23. Rdd1 Bg5 24. Rh1 Na4 25. Nxa4 bxa4 26. Kf3 Ke7 27. Rd5 Rc2
28. Ra5 Rxb2 29. Rxa4 Rc8 30. h4 Rc3+ 31. Kf2 Be3+ 32. Ke1 Rc1+ 33. Bd1 Bf2+ 0-1

[Event "XXV OOM - Mistrzostwa Polski Juniorow Mlodszych - Chlopcy do lat 14"]
[Site "Sielpia"]
[Date "1899-12-30"]
[Round "2.26"]
[White "Pisarek, Jan"]
[Black "Dembicki, Karol"]
[Result "1-0"]
[WhiteTitle "I"]
[BlackTitle "II"]
[WhiteElo "1610"]
[BlackElo "1316"]

1. e4 c5 2. Nf3 e6 3. d4 cxd4 4. Nxd4 Nf6 5. Nc3 d6 6. g4 h6 7. h4 Nc6 8. Rg1 h5
9. gxh5 Nxh5 10. Bg5 Nf6 11. Be2 Qb6 12. Nb3 Bd7 13. Qd2 Ne5 14. Be3 Qc7 15. O-O-O
Rxh4 16. f3 Rh2 17. Nb5 Qc8 18. Nxd6+ Bxd6 19. Qxd6 Rxe2 20. Bc5 Kd8 21. Qxe5
Ne8 22. Rxd7+ Kxd7 23. Rd1+ Kc6 24. Nd4+ Kd7 25. Nxe6+ Kc6 26. Qd5+ Kb5 27. Nd4+
Ka4 28. Qb3+ Ka5 29. Qb5# 1-0

[Event "XXV OOM - Mistrzostwa Polski Juniorow Mlodszych - Chlopcy do lat 14"]
[Site "Sielpia"]
[Date "1899-12-30"]
[Round "3.1"]
[White "Poltorak, Sebastian"]
[Black "Chyzy, Jakub"]
[Result "1/2-1/2"]
[WhiteTitle "I+"]
[BlackTitle "k"]
[WhiteElo "1962"]
[BlackElo "2140"]

1. d4 Nf6 2. c4 e6 3. Nc3 Bb4 4. Qc2 O-O 5. e4 d5 6. e5 Ne4 7. cxd5 exd5 8. Bd3
c5 9. Nge2 cxd4 10. Nxd4 Nd7 11. Bf4 Re8 12. Bxe4 dxe4 13. O-O-O Bxc3 14. Qxc3
Qb6 15. Nb3 Nf8 16. Kb1 Bg4 17. Rd2 Rac8 18. Qe3 Qxe3 19. Bxe3 b6 20. Rc1 Rxc1+
21. Kxc1 Rxe5 22. Rd8 Re7 23. Nd4 Rc7+ 24. Kb1 a6 25. h3 Bd7 26. Rb8 b5 27. Nb3
Rc8 28. Rb6 Be6 29. Nc5 Bc4 30. g3 a5 31. b3 Bf1 32. Kb2 b4 33. Nxe4 Nd7 34. Rd6
Ne5 35. Nc5 f6 36. f4 Nf7 37. Rd2 Bxh3 38. Nb7 Ra8 39. Rc2 a4 40. bxa4 Rxa4 41.
Nc5 Ra8 42. Bd2 Bf5 43. Rc1 Nd6 44. Bxb4 Ne4 45. Nxe4 Bxe4 46. Rc7 Rb8 47. Kc3
Bf5 48. a4 Rc8 49. Rxc8+ Bxc8 50. Kc4 Kf7 51. Kd5 g5 52. fxg5 fxg5 53. a5 1/2-1/2

[Event "XXV OOM - Mistrzostwa Polski Juniorow Mlodszych - Chlopcy do lat 14"]
[Site "Sielpia"]
[Date "1899-12-30"]
[Round "3.2"]
[White "Karolczuk, Iwo"]
[Black "Dzida, Kamil"]
[Result "0-1"]
[WhiteTitle "I++"]
[BlackTitle "I++"]
[WhiteElo "2055"]
[BlackElo "1877"]

1. d4 Nf6 2. Nf3 e6 3. e3 b6 4. Bd3 Bb7 5. O-O d5 6. b3 Bd6 7. c4 Nbd7 8. cxd5
exd5 9. Ba3 Bxa3 10. Nxa3 O-O 11. Rc1 c6 12. Qe2 a5 13. Nb1 Qe7 14. Nc3 Ne4 15.
Rfd1 f5 16. Qb2 Rae8 17. a3 f4 18. Re1 Kh8 19. Re2 fxe3 20. Rxe3 c5 21. dxc5 bxc5
22. Nxe4 dxe4 23. Bb5 Qd6 24. Bxd7 Qxd7 25. Ne5 Qd4 26. Nc4 Rd8 27. Qe2 a4 28.
bxa4 Ba6 29. h3 Rf4 30. g3 Rff8 31. Rxe4 Qd5 32. Re5 Qc6 33. Qe4 Qf6 34. Qe3 Bb7
35. Re6 Qf5 36. Na5 Bd5 37. Re5 Qxh3 38. Rxd5 Rxd5 39. Qe7 Rfd8 40. Qe2 Rh5 41.
Qf3 Qh2+ 0-1

[Event "XXV OOM - Mistrzostwa Polski Juniorow Mlodszych - Chlopcy do lat 14"]
[Site "Sielpia"]
[Date "1899-12-30"]
[Round "3.3"]
[White "Iwaszkiewicz, Krzysztof"]
[Black "Czernek, Tymon"]
[Result "1-0"]
[WhiteTitle "I"]
[BlackTitle "I++"]
[WhiteElo "1651"]
[BlackElo "2050"]

1. d4 Nf6 2. Bf4 d6 3. h3 g6 4. Nf3 Bg7 5. e3 O-O 6. Nbd2 Nbd7 7. Be2 b6 8. O-O
Bb7 9. c3 Re8 10. Nc4 Ne4 11. Bh2 e5 12. a4 exd4 13. cxd4 Rb8 14. Rc1 Ndf6 15.
b4 Nd5 16. Qb3 Kh8 17. Rc2 f5 18. Ncd2 Nxd2 19. Nxd2 Bh6 20. Bf3 Nf6 21. Qf7 Bxf3
22. Nxf3 Nd7 23. Rfc1 Re7 24. Qc4 Nf6 25. d5 Qg8 26. Nd4 Nxd5 27. Nc6 Re4 28.
Qd3 Rbe8 29. Rd1 Nf6 30. Nxa7 Qf7 31. Nb5 R8e7 32. Bxd6 cxd6 33. Nxd6 Qe6 34.
Nxe4 Nxe4 35. Qd8+ Re8 36. Qc7 Nf6 37. Rd6 Qe5 38. Qc6 Rf8 39. Qxb6 f4 40. Qd4
Qf5 41. e4 Qxe4 42. Qxe4 Nxe4 43. Re6 Ng5 44. Re7 Rd8 45. h4 Bf8 46. Rec7 Ne6
47. R7c4 Kg7 48. b5 Kh6 49. b6 Rd1+ 50. Kh2 Rb1 51. a5 Kh5 52. Re2 Ng7 53. Rxf4
Bd6 54. g3 Bxf4 55. gxf4 Nf5 56. Ra2 Nd4 57. a6 Kg4 58. Ra3 Nf3+ 59. Rxf3 Rxb6
60. Ra3 Rb8 61. a7 Ra8 62. Ra4 Kf3 63. Kg1 h6 64. h5 gxh5 65. f5 Rg8+ 66. Kh1
Ra8 67. f6 Kxf2 68. f7 Kg3 69. Ra3+ 1-0

[Event "XXV OOM - Mistrzostwa Polski Juniorow Mlodszych - Chlopcy do lat 14"]
[Site "Sielpia"]
[Date "1899-12-30"]
[Round "3.4"]
[White "Luberanski, Jakub"]
[Black "Wojdak, Jan"]
[Result "1/2-1/2"]
[WhiteTitle "I+"]
[BlackTitle "I"]
[WhiteElo "2023"]
[BlackElo "1834"]

1. e4 c5 2. Nf3 Nc6 3. d4 cxd4 4. Nxd4 Nf6 5. Nc3 d6 6. Bg5 e6 7. Qd2 a6 8. O-O-O
h6 9. Be3 Nxd4 10. Bxd4 Be7 11. f3 b5 12. g4 b4 13. Ne2 Rb8 14. h4 e5 15. Be3
Be6 16. Ng3 Qa5 17. Qd3 Qxa2 18. Qxa6 Qxa6 19. Bxa6 Ra8 20. Bb5+ Kf8 21. Nf5 Bxf5
22. gxf5 g6 23. fxg6 fxg6 24. b3 Kg7 25. Kb2 Rhf8 26. Ra1 Nh5 27. Rxa8 Rxa8 28.
Bd2 Rb8 29. Bc4 Nf4 30. c3 bxc3+ 31. Bxc3 Ng2 32. Rh2 Nxh4 33. f4 g5 34. fxe5
dxe5 35. Rd2 Nf3 36. Rf2 g4 37. Be2 Rf8 38. Kc2 Bd6 39. Bxf3 gxf3 40. Kd3 Kg6
41. Kc4 Bb8 42. Kd5 Ba7 43. Rf1 f2 44. Bxe5 Rd8+ 45. Bd6 Be3 46. e5 Rc8 47. Ke4
Rc1 48. Kxe3 Rxf1 49. Ke2 Rb1 50. Kxf2 Rxb3 51. Kg2 Kf5 52. e6 Kxe6 53. Bf4 h5
54. Kh2 Kf5 55. Bc7 Kg4 56. Bd6 h4 57. Bc7 Rb2+ 58. Kg1 Kh3 59. Bd6 Rb1+ 60. Kf2
Rb6 61. Bc7 Rg6 62. Bb8 Rb6 63. Bc7 Rb1 64. Bd6 Kg4 65. Kg2 Rb2+ 66. Kg1 h3 67.
Bc7 Kf3 68. Bd6 Rg2+ 69. Kh1 Kg4 70. Bh2 Kf3 71. Bb8 Kg4 72. Bh2 Rd2 73. Bb8 Kf3
74. Bc7 Rc2 75. Bb8 h2 76. Bxh2 Rc1+ 77. Bg1 Rc2 78. Bh2 Kf2 79. Bg1+ Kg3 80.
Ba7 Rc1+ 81. Bg1 Kf3 82. Kh2 Rc2+ 83. Kh1 Kg3 84. Ba7 Rc8 85. Bd4 Re8 86. Bb6
Re7 87. Bc5 Re6 88. Ba7 Re8 89. Bd4 Re4 90. Bb6 Rh4+ 91. Kg1 Rc4 92. Kh1 Rb4 93.
Bc7+ Kf2 94. Bd6 Rc4 95. Bb8 Rc8 96. Ba7+ Kg3 97. Bd4 Rc1+ 98. Bg1 Kf3 99. Kh2
Rc4 100. Kh1 Rc2 101. Bh2 Kf2 102. Bg1+ Kg3 103. Ba7 Rh2+ 104. Kg1 Rb2 105. Kh1
Rg2 106. Bg1 Kh3 107. Be3 Re2 108. Bg1 Kg3 109. Ba7 Re7 110. Bb8+ Kf2 111. Bd6
Rh7+ 112. Bh2 Kf3 113. Kg1 Rd7 114. Kh1 Rd2 115. Bg1 Kg3 116. Ba7 Rd7 117. Bb8+
Kf2 118. Be5 Rd1+ 119. Kh2 Rd5 120. Bg3+ Kf3 121. Bb8 Rd7 122. Kg1 Rg7+ 123. Kh1
Kf2 124. Bh2 Rg8 125. Bc7 Rh8+ 126. Bh2 Kf1 1/2-1/2

[Event "XXV OOM - Mistrzostwa Polski Juniorow Mlodszych - Chlopcy do lat 14"]
[Site "Sielpia"]
[Date "1899-12-30"]
[Round "3.5"]
[White "Jedraszek, Pawel"]
[Black "Backiel, Hubert"]
[Result "1-0"]
[WhiteTitle "I"]
[BlackTitle "I"]
[WhiteElo "1753"]
[BlackElo "1704"]

1. e4 e5 2. Nf3 Nf6 3. Nxe5 d6 4. Nf3 Nxe4 5. Nc3 Nxc3 6. dxc3 Be7 7. Bf4 Nc6 8.
Bd3 O-O 9. Qd2 Re8 10. O-O-O Bf6 11. h4 Be6 12. Ng5 h6 13. Nxe6 Rxe6 14. h5 Ne5
15. Bf5 Re8 16. Rh3 g5 17. hxg6 fxg6 18. Qd5+ Kf8 19. Bxh6+ Bg7 20. Bxg7+ Kxg7
21. f4 gxf5 22. fxe5 Qg5+ 23. Kb1 dxe5 24. Rdh1 Re7 25. Qxb7 Rd8 26. Qc6 Rd6 27.
Qa8 Kf7 28. Qc8 Rg6 29. Rh8 Qg4 30. Rf8+ Kg7 31. Rxf5 Qxf5 32. Qxf5 Rxg2 33. a3
Rg6 34. Qh5 Rf6 35. Rg1+ Kf8 36. Qh8+ Kf7 37. Qg8# 1-0

[Event "XXV OOM - Mistrzostwa Polski Juniorow Mlodszych - Chlopcy do lat 14"]
[Site "Sielpia"]
[Date "1899-12-30"]
[Round "3.6"]
[White "Oleksy, Krzysztof"]
[Black "Luczak, Filip"]
[Result "0-1"]
[WhiteTitle "I"]
[BlackTitle "CM"]
[WhiteElo "1746"]
[BlackElo "2071"]

1. d4 Nf6 2. c4 g6 3. Nc3 Bg7 4. e4 d6 5. Be2 O-O 6. Be3 c5 7. d5 e6 8. Nf3 exd5
9. cxd5 Bg4 10. O-O Re8 11. Qc2 Bxf3 12. Bxf3 Na6 13. a3 Nc7 14. Rfe1 Nd7 15.
Rad1 b5 16. Be2 Rb8 17. b4 Qf6 18. Nb1 Na6 19. bxc5 Naxc5 20. Nd2 a5 21. Nb3 Qc3
22. Qxc3 Bxc3 23. Nxc5 Nxc5 24. Bxc5 dxc5 25. Rf1 Rxe4 26. Bf3 Rd4 27. Rxd4 Bxd4
28. Be2 b4 29. Rb1 Kf8 30. Bc4 a4 31. Kf1 Ke7 32. h3 Kd6 33. Ke2 b3 34. g3 Rb7
35. Kf3 Re7 36. Rd1 Bb2 37. Bb5 Ra7 38. Rb1 Bxa3 0-1

[Event "XXV OOM - Mistrzostwa Polski Juniorow Mlodszych - Chlopcy do lat 14"]
[Site "Sielpia"]
[Date "1899-12-30"]
[Round "3.7"]
[White "Wasik, Mateusz"]
[Black "Kacprzak, Karol"]
[Result "0-1"]
[WhiteTitle "I"]
[BlackTitle "I+"]
[WhiteElo "1729"]
[BlackElo "1910"]

1. e4 c5 2. Nf3 d6 3. d4 cxd4 4. Nxd4 Nf6 5. Nc3 a6 6. g3 e6 7. Bg2 Qc7 8. O-O
Be7 9. Re1 O-O 10. a4 Nc6 11. Nb3 Bd7 12. a5 Ne5 13. Qe2 Nc4 14. f4 e5 15. f5
d5 16. exd5 Bxf5 17. Ne4 Nxd5 18. Qf3 Be6 19. Nf2 f5 20. Nd4 exd4 21. Rxe6 Rad8
22. Bf4 Nxf4 23. Qxf4 Qxf4 24. gxf4 Kf7 25. Rae1 Ne3 26. Rb6 Rd6 27. Bxb7 Rxb6
28. axb6 Rb8 29. Bxa6 Rxb6 30. Bd3 Rxb2 31. Rc1 Rb4 32. Nh3 h6 33. Kf2 g5 34.
Ra1 g4 35. Ng1 Nxc2 36. Bxc2 Rb2 37. Rc1 d3 38. Ke3 dxc2 39. Kd2 Bd6 40. Ne2 Rb4
41. Rxc2 Bxf4+ 42. Nxf4 Rxf4 43. Ke3 Rf3+ 44. Kd4 Kf6 45. Ke5+ Kxe5 0-1

[Event "XXV OOM - Mistrzostwa Polski Juniorow Mlodszych - Chlopcy do lat 14"]
[Site "Sielpia"]
[Date "1899-12-30"]
[Round "3.8"]
[White "Ochedzan, Tymon"]
[Black "Wieczorek, Mikolaj"]
[Result "1-0"]
[WhiteTitle "CM"]
[BlackTitle "I"]
[WhiteElo "2090"]
[BlackElo "1752"]

1. e4 c5 2. Nf3 Nc6 3. d4 cxd4 4. Nxd4 e5 5. Nb5 d6 6. N1c3 a6 7. Na3 Be7 8. Nc4
b5 9. Ne3 Nf6 10. Bd3 Be6 11. O-O O-O 12. a4 b4 13. Ncd5 a5 14. c3 Rb8 15. Qe2
Nd7 16. Bb5 Na7 17. cxb4 axb4 18. Nxb4 Nc5 19. Ned5 Nb3 20. Ra3 Nd4 21. Qd3 Bxd5
22. Nxd5 Naxb5 23. axb5 Rxb5 24. b4 Rb8 25. Be3 Bf6 26. Rb1 g6 27. b5 Bg7 28.
b6 Ne6 29. Ra7 Kh8 30. Ne7 Nc5 31. Bxc5 dxc5 32. Qxd8 Rfxd8 33. b7 c4 34. Nc6
c3 35. Nxd8 c2 36. Rc1 Rxd8 37. Ra8 1-0

[Event "XXV OOM - Mistrzostwa Polski Juniorow Mlodszych - Chlopcy do lat 14"]
[Site "Sielpia"]
[Date "1899-12-30"]
[Round "3.9"]
[White "Bancarewicz, Aleks"]
[Black "Turski, Bartlomiej"]
[Result "0-1"]
[WhiteTitle "I"]
[BlackTitle "I"]
[WhiteElo "1701"]
[BlackElo "1982"]

1. e4 c5 2. Nf3 d6 3. d4 cxd4 4. Nxd4 Nf6 5. Nc3 Nc6 6. Bg5 e6 7. Qd2 a6 8. O-O-O
Bd7 9. f4 b5 10. Bxf6 gxf6 11. Kb1 b4 12. Nce2 Qb6 13. h4 h5 14. Rh3 a5 15. Re3
Nxd4 16. Nxd4 Bh6 17. g3 e5 18. Nf5 Bxf5 19. exf5 Ke7 20. Qd5 Rad8 21. Bc4 Rh7
22. Red3 exf4 23. Qe4+ Kf8 24. Re1 Qc7 25. gxf4 d5 26. Rxd5 Rc8 27. Ba6 Rd8 28.
Rxd8+ Qxd8 29. Bb5 Kg8 30. Qf3 Bf8 31. Rg1+ Kh8 32. Qe2 Qb6 33. Rg3 Qd6 34. Rd3
Qxf4 35. Rd8 Kg8 36. b3 Qe5 37. Qxe5 fxe5 38. Rd5 Rg7 39. Bd3 Rg1+ 40. Kb2 Be7
41. Rxa5 Bf6 42. c3 bxc3+ 43. Ka3 Rd1 44. Be4 Rd4 45. Bb1 Be7+ 46. b4 Bxb4+ 47.
Ka4 Bxa5+ 48. Kxa5 Rd2 49. a4 c2 50. Bxc2 Rxc2 51. Kb6 Ra2 52. a5 e4 0-1

[Event "XXV OOM - Mistrzostwa Polski Juniorow Mlodszych - Chlopcy do lat 14"]
[Site "Sielpia"]
[Date "1899-12-30"]
[Round "3.10"]
[White "Grzesik, Gracjan"]
[Black "Wnek, Filip"]
[Result "1-0"]
[WhiteTitle "I"]
[BlackTitle "I+"]
[WhiteElo "1904"]
[BlackElo "1733"]

1. c4 Nf6 2. Nc3 e6 3. g3 c5 4. Nf3 b6 5. Bg2 Bb7 6. O-O d5 7. cxd5 Nxd5 8. b3
Be7 9. Bb2 O-O 10. Re1 Bf6 11. Qb1 Nc6 12. Ne4 Bxb2 13. Qxb2 h6 14. Rac1 f5 15.
Nc3 Qf6 16. Qa1 Nc7 17. Na4 e5 18. Nxe5 Nxe5 19. Bxb7 Rab8 20. Bg2 f4 21. Rf1
Rbd8 22. Nxc5 Nb5 23. gxf4 Nd4 24. fxe5 Qg6 25. Nb7 Nxe2+ 26. Kh1 Rd3 27. Nd6
Rf4 28. Rc4 Rg4 29. Rxg4 Qxg4 30. Qd1 h5 31. f3 Qf4 32. Qxe2 Rxd2 33. Qc4+ 1-0

[Event "XXV OOM - Mistrzostwa Polski Juniorow Mlodszych - Chlopcy do lat 14"]
[Site "Sielpia"]
[Date "1899-12-30"]
[Round "3.11"]
[White "Jeda, Maciej"]
[Black "Topola, Rafal"]
[Result "1/2-1/2"]
[WhiteTitle "I"]
[BlackTitle "I"]
[WhiteElo "1850"]
[BlackElo "1664"]

1. e4 c6 2. d4 d5 3. Nc3 dxe4 4. Nxe4 Bf5 5. Ng3 Bg6 6. Nf3 e6 7. Bd3 Bxd3 8. Qxd3
Nf6 9. O-O Nbd7 10. c4 c5 11. d5 Nb6 12. Re1 Be7 13. Bf4 O-O 14. d6 Re8 15. Rad1
Bf8 16. Ne4 Nxe4 17. Qxe4 e5 18. Be3 Bxd6 19. Bxc5 Re6 20. Qxb7 Qc7 21. Qxc7 Bxc7
22. Bxb6 Bxb6 23. Rxe5 Rxe5 24. Nxe5 Re8 25. Nd7 Bd4 26. Kf1 Bxb2 27. Rb1 Bc3
28. c5 f6 29. f3 Kf7 30. Rb7 Ke6 31. Rxa7 Kd5 32. Nb6+ Kc6 33. Rxg7 Re1+ 34. Kf2
Ra1 35. Rxh7 Rxa2+ 36. Kg3 Be1+ 37. Kh3 f5 38. Re7 Bf2 39. Re5 Bxc5 40. Nc4 Ra4
41. Nd2 Bf2 42. g3 f4 43. Ne4 Bg1 44. Re6+ Kd7 45. Rd6+ Ke7 46. Rd1 Be3 47. Nc3
Ra3 48. Nd5+ Ke6 49. Nxe3 fxe3 50. Kg4 Ke5 51. Re1 Ra4+ 52. f4+ Ke4 53. h4 Ra8
54. h5 Rg8+ 55. Kh4 Kf3 56. h6 Rg6 57. Kh5 Rxg3 58. f5 Kf4 59. h7 Rh3+ 60. Kg6
Rg3+ 61. Kf6 Rh3 62. Kg6 Rg3+ 63. Kf7 Rh3 64. Kg6 1/2-1/2

[Event "XXV OOM - Mistrzostwa Polski Juniorow Mlodszych - Chlopcy do lat 14"]
[Site "Sielpia"]
[Date "1899-12-30"]
[Round "3.12"]
[White "Dziendziel, Mateusz"]
[Black "Kacprzak, Kacper"]
[Result "0-1"]
[WhiteTitle "II+"]
[BlackTitle "I"]
[WhiteElo "1684"]
[BlackElo "1841"]

1. e4 e6 2. d4 d5 3. Nc3 Bb4 4. Nge2 Nf6 5. e5 Ne4 6. a3 Nxc3 7. Nxc3 Be7 8. Qg4
g6 9. Bh6 a6 10. Bd3 c5 11. dxc5 Nc6 12. f4 Qa5 13. O-O Qxc5+ 14. Kh1 Bd7 15.
Ne2 O-O-O 16. b4 Qb6 17. Rfb1 Nd4 18. Nc1 Bb5 19. Qd1 Nf5 20. Bg5 Bxg5 21. fxg5
Ng3+ 22. hxg3 h6 23. Qg4 hxg5+ 24. Qh3 Rxh3+ 25. gxh3 Qf2 0-1

[Event "XXV OOM - Mistrzostwa Polski Juniorow Mlodszych - Chlopcy do lat 14"]
[Site "Sielpia"]
[Date "1899-12-30"]
[Round "3.13"]
[White "Babiarz, Arkadiusz"]
[Black "Pazdzierz, Piotr"]
[Result "0-1"]
[WhiteTitle "I++"]
[BlackTitle "I"]
[WhiteElo "1839"]
[BlackElo "1639"]

1. e4 e6 2. Nf3 d5 3. exd5 exd5 4. d4 Nf6 5. c4 c6 6. Nc3 Bd6 7. c5 Bc7 8. Bd3
O-O 9. O-O Bg4 10. Bg5 Nbd7 11. h3 Bh5 12. g4 Bg6 13. Nh4 Bxd3 14. Qxd3 h6 15.
Bxf6 Qxf6 16. Nf5 g6 17. Ng3 b6 18. b4 Rfe8 19. Rfe1 Nf8 20. Rad1 Ne6 21. Nce2
Re7 22. Kg2 Rae8 23. Qf3 Qxf3+ 24. Kxf3 Ng5+ 25. Kg2 Bxg3 0-1

[Event "XXV OOM - Mistrzostwa Polski Juniorow Mlodszych - Chlopcy do lat 14"]
[Site "Sielpia"]
[Date "1899-12-30"]
[Round "3.14"]
[White "Matela, Krzysztof"]
[Black "Szydlo, Michal"]
[Result "1/2-1/2"]
[WhiteTitle "I"]
[BlackTitle "I"]
[WhiteElo "1540"]
[BlackElo "1830"]

1. e4 c5 2. Nc3 d6 3. g3 g6 4. Bg2 Bg7 5. d3 Nf6 6. Nge2 O-O 7. O-O e5 8. h3 Nc6
9. f4 exf4 10. Bxf4 Re8 11. Qd2 Ne7 12. Nb5 Nh5 13. Nxd6 Nxf4 14. Qxf4 Rf8 15.
e5 Nc6 16. Nxf7 Qe7 17. Nh6+ Kh8 18. Nf7+ Kg8 19. Nh6+ Kh8 20. Nf7+ Kg8 1/2-1/2

[Event "XXV OOM - Mistrzostwa Polski Juniorow Mlodszych - Chlopcy do lat 14"]
[Site "Sielpia"]
[Date "1899-12-30"]
[Round "3.15"]
[White "Ciszewski, Krzysztof"]
[Black "Kolodziejski, Piotr"]
[Result "1/2-1/2"]
[WhiteTitle "II+"]
[BlackTitle "I"]
[WhiteElo "1612"]
[BlackElo "1797"]

1. d4 Nf6 2. c4 e6 3. Nc3 Bb4 4. e3 O-O 5. Bd3 c5 6. Nge2 Nc6 7. a3 Bxc3+ 8. bxc3
b6 9. O-O Ba6 10. e4 e5 11. d5 Na5 12. Qa4 d6 13. Bg5 h6 14. Bxf6 Qxf6 15. Ng3
g6 16. Rfd1 Qe7 17. Nf1 Qe8 18. Qxe8 Raxe8 19. Ne3 f5 20. exf5 e4 21. Be2 gxf5
22. g3 Re7 23. Bf1 Rg7 24. Bh3 Rg5 25. Kh1 Nxc4 26. Bf1 Nxe3 27. fxe3 Bxf1 28.
Rxf1 Kg7 29. c4 Kf6 30. Rf4 Ke5 31. a4 Rf7 32. Raf1 h5 33. Kg2 Rg4 34. Rxg4 hxg4
35. h4 Rh7 36. Rh1 Kf6 37. Rf1 Rh5 38. Kf2 1/2-1/2

[Event "XXV OOM - Mistrzostwa Polski Juniorow Mlodszych - Chlopcy do lat 14"]
[Site "Sielpia"]
[Date "1899-12-30"]
[Round "3.16"]
[White "Budzisz, Adrian"]
[Black "Pisarek, Jan"]
[Result "1/2-1/2"]
[WhiteTitle "I"]
[BlackTitle "I"]
[WhiteElo "1788"]
[BlackElo "1610"]

1. d4 c5 2. d5 e5 3. c4 d6 4. Nc3 g6 5. e4 Bg7 6. Nf3 Ne7 7. Be2 O-O 8. O-O f5
9. exf5 gxf5 10. Qc2 h6 11. a3 f4 12. b4 b6 13. Bd3 Nf5 14. Ne4 Kh8 15. Bb2 Qe7
16. Rfe1 Bd7 17. Bc3 Na6 18. Rab1 Rad8 19. bxc5 Nxc5 20. Nxc5 bxc5 21. Ba5 Rc8
22. Bd2 Nh4 23. Nxh4 Qxh4 24. f3 Qg5 25. Rb7 Rf7 26. Reb1 Bf6 27. Ba5 Rg8 28.
Rb8 Bd8 29. Bxd8 Rxd8 30. R1b7 Rxb8 31. Rxb8+ Kg7 32. Bh7 Kf6 33. Rb7 Qg7 34.
Bd3 Bc8 35. Rxf7+ Qxf7 36. Bh7 Qh5 37. Qa4 Qf7 38. Be4 Bf5 39. Qc6 Qe7 40. Qa8
Bxe4 41. fxe4 Kg7 42. a4 Qd7 43. Qc6 Qe7 44. a5 Kf7 45. a6 Qh4 46. Qd7+ Qe7 47.
Qb7 Ke8 48. Qb8+ Kf7 49. Kf1 Qd7 50. Qh8 Qa4 51. Qh7+ Ke8 52. Qg8+ Kd7 53. Qe6+
Kc7 54. Qe7+ Qd7 55. Qf6 Qa4 56. Qg7+ Kd8 57. Qf8+ Kc7 58. Qe7+ Qd7 59. Qf8 Qa4
60. Qg7+ Kd8 61. Qf8+ Kc7 62. Qf7+ Qd7 63. Qh5 Qa4 64. Qf7+ Qd7 65. Qf6 Qa4 66.
Qg7+ Kd8 67. Qxa7 Qxc4+ 68. Kf2 Qc2+ 69. Kf3 Qd1+ 70. Kf2 Qd2+ 71. Kf1 Qd3+ 72.
Ke1 Qxe4+ 73. Kf2 Qd4+ 74. Kf1 1/2-1/2

[Event "XXV OOM - Mistrzostwa Polski Juniorow Mlodszych - Chlopcy do lat 14"]
[Site "Sielpia"]
[Date "1899-12-30"]
[Round "3.17"]
[White "Jozefczyk, Szymon"]
[Black "Paprocki, Antoni"]
[Result "1/2-1/2"]
[WhiteTitle "II"]
[BlackTitle "I"]
[WhiteElo "1580"]
[BlackElo "1778"]

1. e4 e5 2. Nf3 Nc6 3. Bc4 Nf6 4. d3 Bc5 5. O-O d6 6. c3 a6 7. Re1 Ba7 8. Nbd2
O-O 9. Nf1 Ne7 10. Bg5 Ng6 11. Nh4 Nxh4 12. Bxh4 Be6 13. Bb3 h6 14. Ne3 Kh7 15.
h3 Qe7 16. Qf3 g5 17. Nf5 Bxf5 18. Qxf5+ Kh8 19. Bg3 Rg8 20. Rad1 Rg7 21. d4 Re8
22. dxe5 dxe5 23. Rd2 Bc5 24. Bd1 Bd6 25. b4 a5 26. a3 axb4 27. cxb4 Ra8 28. Re3
Nd7 29. Qf3 Nf8 30. Qe2 Ne6 31. Qc4 Nd4 32. f3 c5 33. b5 Ra5 34. a4 Rg8 35. Ra3
Nxb5 36. axb5 Rxa3 37. Bb3 Kg7 38. Rd5 Rd8 39. Qd3 Bc7 40. Rxd8 Bxd8 41. Qd5 Bc7
42. b6 Bd6 43. Qd1 Ra6 44. Bf2 Rxb6 45. Bc4 Rb4 46. Qe2 Qd7 47. Be1 Rb1 48. Ba2
Qb5 49. Qd2 Qb2 50. Bxb1 Qxb1 51. Kh2 Qb6 52. h4 Qd8 53. hxg5 hxg5 54. Bf2 Qe7
55. Be3 f6 56. Qd5 b5 57. Qc6 b4 58. Qd5 Qc7 59. Qc4 Qb6 60. Qb3 Qb5 61. Qd5 Qb6
62. Bc1 b3 63. Ba3 Be7 64. Qd7 Qd6 65. Qb7 Qe6 66. Bxc5 b2 67. Bxe7 1/2-1/2

[Event "XXV OOM - Mistrzostwa Polski Juniorow Mlodszych - Chlopcy do lat 14"]
[Site "Sielpia"]
[Date "1899-12-30"]
[Round "3.18"]
[White "Zdybel, Przemyslaw"]
[Black "Lokaj, Bartlomiej"]
[Result "1-0"]
[WhiteTitle "I"]
[BlackTitle "II"]
[WhiteElo "1698"]
[BlackElo "1537"]

1. e4 e5 2. Nf3 Nc6 3. Bb5 a6 4. Ba4 Nf6 5. O-O Nxe4 6. d4 b5 7. Bb3 d5 8. dxe5
Be6 9. c3 Bc5 10. Nbd2 O-O 11. Bc2 Nxf2 12. Rxf2 f6 13. exf6 Bxf2+ 14. Kxf2 Qxf6
15. Nf1 Ne5 16. Be3 Rae8 17. Bc5 Nxf3 18. gxf3 Rf7 19. Kg2 Qh4 20. Ng3 Bh3+ 21.
Kg1 Qg5 22. a4 h5 23. Qd3 Bf5 24. Qxd5 h4 25. Bxf5 Qf6 26. Bd4 c6 27. Bxf6 cxd5
28. Bxh4 1-0